=LDR 00000nam 2200000 4500 =001 INLIS000000000050603 =005 20200311074728 =035 ##$$a 0010-0517000256 =007 ta =008 200311################g##########0#ind## =020 ##$$a 978-602-14415-5-8 =082 ##$$a 297.14 =084 ##$$a 297.14 NAJ d =100 #$$a Najmu, Shofwan =245 1#$$a Diam : $b Mengungkap keajaiban dan manfaat uzlah di tengah ingar-bingar dunia /$c Shofwan Najmu, Irham Sofwan =250 ##$$a cet.1 =260 ##$$a Depok :$b Mutiara Allamah Utama,$c 2014 =300 ##$$a xx,152 hlm ; $c 21,5 x 14 cm. =650 #4$$a Fiqih =700 #$$a Irham Sofwan =990 ##$$a 31701404 =990 ##$$a 31701403